[Event "Istanbul Open 2017"]
[Site "Istanbul"]
[Date "2017.09.15"]
[Round "6"]
[White "Bogdanovich, Stanislav"]
[Black "Mohannad, Farhan"]
[Result "1-0"]
[WhiteElo "2593"]
[BlackElo "2264"]
[Annotator "TA"]
[PlyCount "75"]
[EventDate "2017.??.??"]
[EventType "swiss"]
[EventCountry "TUR"]
[SourceTitle "playchess.com"]
[Source "ChessBase"]
[SourceQuality "1"]

{[%evp 21,75,0,29,0,0,0,0,0,35,8,65,82,76,82,87,75,54,72,50,101,94,55,63,72,46,49,147,135,267,153,229,170,478,369,378,372,374,367,362,151,145,115,104,109,440,439,438,437,437,435,428,420,441,436,447,433]} 1. Nf3 Nf6 2. c4 g6 3. Nc3 Bg7 4. e4 d6 5. d4 O-O 6. Be2 e5 7. O-O Na6 8. Be3 Ng4 9. Bg5 Qe8 10. c5 {E94: King's Indian: Classical: 6 Be2 e5 7 0-0: Various Black 7th moves} (10. Re1 exd4 11. Nd5 d3 12. Bxd3 c6 13. Ne7+ Kh8 14. Nxc8 Rxc8 15. h3 Ne5 16. Bf1 Nc5 17. Nd4 Ned3 18. Bxd3 Bxd4 {½-½ (36) Svane,R (2570)-Adhiban,B (2682) Moscow 2017}) 10... exd4 11. Nd5 h6 {LiveBook: 7 Games} 12. Be7 {White has an edge.} c6 $1 {[%cal Rc6d5]} 13. Bxd6 cxd5 14. exd5 Qe4 15. Bc4 {aiming for Re1.} d3 (15... Rd8 $11) 16. Qb3 $1 $14 {[#] Black must now prevent Rfe1.} d2 $146 ({Find the theoretical novelty and annotate with similar games:} 16... Qe2 17. h3 Nf6 18. Bxd3 {1-0 (32) Williams,S (2487)-Hennigan,M (2408) Caleta 2005}) 17. Bd3 (17. Nxd2 Qf5) 17... Qb4 {And now ...Rd8 would win.} 18. Bxa6 Qxb3 19. axb3 bxa6 20. Bxf8 (20. Nxd2 Re8 $17) 20... Kxf8 21. Nxd2 Bxb2 22. Ra2 Bd4 23. c6 {[%mdl 1024] White has compensation.} Bf5 (23... Ne5 $14) 24. Nc4 $1 $16 (24. Rxa6 $6 Rd8 $11) 24... Be4 (24... Ne5 $16) 25. Rd1 (25. c7 $1 $18) 25... Bc5 (25... Bb6 $16 26. Nxb6 axb6) 26. b4 Bb6 $2 (26... Bxb4 27. c7 (27. Rxa6 Bc5 $11) 27... Nf6) 27. b5 Bc5 28. d6 ({Less strong is} 28. bxa6 Rc8 $14) 28... axb5 {[#]} 29. c7 $1 {Threatens to win with d7.} ({Not} 29. d7 Bxc6 30. Na5 {[#]} Bxd7 $1 $15 {[%mdl 512]}) 29... Nf6 30. Ne5 (30. d7 $18 {and the rest is easy.} Nxd7 31. Rxd7) 30... Bb6 31. Rc1 $36 {[%mdl 2048] White is on the roll.} Bf5 32. d7 Bxd7 $2 {[%mdl 8192]} (32... Nxd7 $16 {is tougher.} 33. c8=Q+ Rxc8 34. Rxc8+ Kg7 35. Nxd7 Bxd7) 33. Nxd7+ $18 Nxd7 34. c8=Q+ Rxc8 35. Rxc8+ Kg7 36. Rb2 Nf6 37. Rxb5 h5 38. Rb2 {Precision: White = 74%, Black = 29%.} 1-0

[Event "Istanbul Open 2017"]
[Site "Istanbul"]
[Date "2017.09.15"]
[Round "6"]
[White "Bogdanovich, Stanislav"]
[Black "Mohannad, Farhan"]
[Result "*"]
[WhiteElo "2593"]
[BlackElo "2264"]
[Annotator "TA"]
[PlyCount "33"]
[EventDate "2017.??.??"]
[EventType "swiss"]
[EventCountry "TUR"]
[SourceTitle "playchess.com"]
[Source "ChessBase"]
[SourceQuality "1"]

{[%evp 13,14,35,46]} 1. Nf3 Nf6 2. c4 g6 3. Nc3 Bg7 4. e4 d6 5. d4 O-O 6. Be2 e5 7. O-O Na6 {LiveBook: 4146 Games} {Find the theoretical novelty and annotate with similar games:} 8. Re1 $146 c6 9. d5 Nc5 10. Nd2 a5 11. b3 Bh6 12. Qc2 Ng4 13. Nf1 Bxc1 14. Raxc1 Nh6 15. Qd2 Kg7 16. dxc6 bxc6 17. Red1 {1-0 (45) Aronian,L (2793)-Jobava,B (2707) Leuven 2017} *

[Event "Istanbul Open 2017"]
[Site "Istanbul"]
[Date "2017.09.15"]
[Round "6"]
[White "Maghalashvili, Davit"]
[Black "Guseynov, Alihan"]
[Result "1/2-1/2"]
[WhiteElo "2512"]
[BlackElo "2333"]
[Annotator "TA"]
[PlyCount "84"]
[EventDate "2017.??.??"]
[EventType "swiss"]
[EventCountry "TUR"]
[SourceTitle "playchess.com"]
[Source "ChessBase"]
[SourceQuality "1"]

{[%evp 18,84,29,22,27,31,30,-6,47,49,101,104,103,65,71,68,76,72,87,55,53,42,50,35,39,-1,0,-68,-68,-68,-64,-56,-29,-93,-96,-96,-96,-95,-85,-108,-16,-34,-30,-43,-51,-39,0,-40,-41,-56,-56,-56,-62,-49,0,0,0,0,0,-75,0,0,0,0,0,0,0,0,0]} 1. c4 g6 2. g3 Bg7 3. Bg2 Nf6 4. Nc3 O-O 5. d4 d6 6. Nf3 {[%cal Bg1f3,Bf3e1,Be1d3][%mdl 32]} Nc6 7. O-O e5 8. d5 Nb8 9. Ne1 {E62: King's Indian: Fianchetto: 6...c6 and Panno Variation (6...Nc6) without ...a6} (9. e4 a5 10. Ne1 Na6 11. Nd3 Nb4 12. Ne1 Na6 13. f4 exf4 14. gxf4 Re8 15. Nd3 Ng4 16. h3 Bd4+ 17. Kh1 {½-½ (25) Inarkiev,E (2727)-Sutovsky,E (2650) Poikovsky 2017}) 9... a5 10. a3 {LiveBook: 3 Games} Nbd7 $146 ({Predecessor:} 10... Nfd7 11. e4 Nb6 12. b3 f5 13. Nd3 N8d7 14. Qc2 Nf6 15. Bb2 a4 16. c5 fxe4 17. Nxe5 Nbxd5 18. Nxd5 Nxd5 19. cxd6 Qxd6 {½-½ (36) Javakhishvili,L (2493)-Daulyte,D (2392) Mamaia 2016}) 11. Nd3 {White has an edge.} Nb6 12. Qc2 Nfd7 ({Black should play} 12... Nxc4 $11 13. Nb5 e4) 13. Nb5 $14 Nc5 (13... Nb8 $14) 14. Nxc5 $16 dxc5 15. Be3 Bf5 16. Qc1 Qe7 $1 17. Rd1 Rfd8 18. b3 Nc8 {[%cal Bb6c8,Bc8d6,Bd6f7,Bf7d8][%mdl 32]} 19. h3 {Black must now prevent g4.} h5 $1 20. Ra2 e4 21. Rad2 (21. d6 $5 cxd6 22. Bg5 $14) 21... b6 22. d6 (22. h4 $11) 22... Nxd6 $15 23. Nc3 Bxc3 24. Qxc3 f6 (24... Ne8 {seems wilder.} 25. Bf4 Rxd2 26. Qxd2 Qe6 27. a4 Nd6) 25. a4 (25. b4 $1 $11) 25... Nf7 $17 26. Rxd8+ Rxd8 27. Rxd8+ Nxd8 28. Qc2 Qe6 (28... Kg7 $17) 29. g4 hxg4 30. hxg4 Bxg4 31. Bxe4 Bf5 32. Qd2 (32. Qd3 $5 {[%cal Rd3d8]} Nf7 33. Bxf5 Qxf5 34. Qxf5 gxf5 35. Bf4 $11) 32... Qd6 33. Bd5+ Kh7 34. Bf4 Qd7 35. e4 Bh3 36. Qc3 $36 {[%mdl 2048] White has the initiative.} c6 37. Qxf6 {White threatens Qh4+ and mate.} cxd5 38. f3 {[#]} (38. Kh2 $11) 38... dxe4 (38... Ne6 $1 $17 {[%cal Re6f4]} 39. Qh4+ Kg8 40. cxd5 Nxf4 41. Qxf4 Qe7) 39. Be5 $1 $11 {[%csl Ge5][%cal Rf6h8] [#]The position is equal.} g5 $1 {Threatens to win with ...exf3.} 40. Qh8+ (40. Qxg5 Be6) 40... Kg6 41. Qf6+ Kh5 42. Qh8+ Kg6 {Precision: White = 37%, Black = 57%.} 1/2-1/2

[Event "Istanbul Open 2017"]
[Site "Istanbul"]
[Date "2017.09.15"]
[Round "6"]
[White "Rasulov, Vugar"]
[Black "Benidze, Davit"]
[Result "1/2-1/2"]
[WhiteElo "2504"]
[BlackElo "2520"]
[Annotator "TA"]
[PlyCount "29"]
[EventDate "2017.??.??"]
[EventType "swiss"]
[EventCountry "TUR"]
[SourceTitle "playchess.com"]
[Source "ChessBase"]
[SourceQuality "1"]

{[%evp 15,17,-12,-13,-15]} 1. e4 e5 2. Nf3 Nf6 3. d4 Nxe4 4. Bd3 d5 5. dxe5 Be7 6. O-O O-O 7. Nc3 {C43: Petroff Defence: 3 d4} Nxc3 8. bxc3 c5 {LiveBook: 6 Games} 9. c4 {Predecessor:} dxc4 $146 10. Bxc4 Qxd1 11. Rxd1 Nc6 12. Bd5 Be6 13. Bxc6 bxc6 14. Bg5 Bxg5 15. Nxg5 {0-1 (41) Radjabov,T (2761)-Wang,Y (2739) Nice 2009} 1/2-1/2

[Event "Istanbul Open 2017"]
[Site "Istanbul"]
[Date "2017.09.15"]
[Round "6"]
[White "Petrov, Marian"]
[Black "Erdogan, Anil Berk"]
[Result "1-0"]
[WhiteElo "2470"]
[BlackElo "2106"]
[Annotator "TA"]
[PlyCount "64"]
[EventDate "2017.??.??"]
[EventType "swiss"]
[EventCountry "TUR"]
[SourceTitle "playchess.com"]
[Source "ChessBase"]
[SourceQuality "1"]

{[%evp 23,64,-18,0,-16,-28,-25,3,18,13,0,0,-20,4,0,4,4,39,5,13,0,37,23,75,56,123,126,119,125,182,159,148,115,139,76,298,207,431,86,680,679,643,643,1058]} 1. e4 e6 2. d4 d5 3. e5 c5 4. c3 Nc6 5. Nf3 Bd7 6. Be2 Nge7 7. Na3 cxd4 8. cxd4 Nf5 9. Nc2 Qb6 10. O-O Rc8 11. g4 Nfe7 {C02: French: Advance Variation} 12. Nh4 (12. Bd2 h5 13. h3 Ng6 14. b4 hxg4 15. hxg4 Nh4 16. Nxh4 Rxh4 17. Bg5 Rh8 18. b5 Na5 19. Rb1 {1-0 (31) Volokitin,A (2638)-Morozevich,A (2731) Dubai 2014}) 12... Ng6 {LiveBook: 7 Games} 13. Nxg6 $146 ({Find the theoretical novelty and annotate with similar games:} 13. Ng2 f6 14. exf6 gxf6 15. Kh1 Bg7 16. f4 f5 17. gxf5 exf5 18. Bf3 Nce7 19. b3 {½-½ (40) Sax,G (2529)-Sedlak,N (2550) Sibenik 2010}) 13... hxg6 {The position is equal.} 14. Kg2 Nb4 15. Nxb4 Bxb4 16. a4 Rc7 17. f4 a5 18. Rf3 Rc4 19. Be3 Qd8 20. Bf2 Rc7 21. Qb3 g5 22. Rf1 Bd2 (22... gxf4 $11 23. Rxf4 Bc6) 23. fxg5 $16 Bxg5 ({Better is} 23... Qxg5 $14 24. Rxf7 Qg6) 24. Be1 Rc1 25. Qxb7 O-O (25... Rc2 $16 26. Qa6 O-O) 26. Bd3 $18 Bc6 27. Qa7 {[%cal Rf3f7]} Qd7 28. Qxa5 ({White should play} 28. Qxd7 {[%cal Rf3f7]} Bxd7 29. Rh3 (29. Bxa5 Rxf1 30. Rxf1 Ra8 $16)) 28... Bxa4 $2 (28... Ra8 $16 29. Qb4 Rc4 30. Bxc4 dxc4) 29. Rh3 {[#] And now Bh7+ would win.} g6 $2 (29... Bc2) 30. Bd2 $2 (30. Bh4 $18 Rxf1 31. Bxg5) 30... Rxf1 $4 {[%mdl 8192]} (30... Bd8 $16 31. Qa6 Rxf1 32. Bxf1 (32. Kxf1 Be7 $11) 32... Be7) 31. Bxg5 ({Not} 31. Kxf1 Bd8 $14) (31. Bxf1 Be7 $16) 31... f6 32. Bh6 ({Less strong is} 32. Bxf1 fxg5 33. Qd2 Qf7 $14) 32... Rc1 {Precision: White = 45%, Black = 12%.} 1-0

[Event "Istanbul Open 2017"]
[Site "Istanbul"]
[Date "2017.09.15"]
[Round "6"]
[White "Bashirli, Nail"]
[Black "Abasov, Nijat"]
[Result "0-1"]
[WhiteElo "2352"]
[BlackElo "2575"]
[Annotator "TA"]
[PlyCount "84"]
[EventDate "2017.??.??"]
[EventType "swiss"]
[EventCountry "TUR"]
[SourceTitle "playchess.com"]
[Source "ChessBase"]
[SourceQuality "1"]

{[%evp 21,84,10,23,-20,-14,-41,-24,-22,16,0,0,0,0,0,0,0,8,-16,-13,-54,-59,-46,-39,-53,-45,-104,-67,-124,-143,-221,-231,-237,-241,-236,-159,-175,-144,-241,-251,-311,-124,-132,-133,-124,-112,-156,-148,-152,-117,-235,-222,-228,-241,-420,-420,-402,-408,-420,-420,-605,-583,-29991,-29992,-29992,-29993]} 1. e4 e5 2. Nf3 Nc6 3. Bb5 a6 4. Ba4 Nf6 5. O-O Be7 6. Re1 b5 7. Bb3 d6 8. a4 Bg4 9. c3 O-O 10. d3 {[%cal Bd2d3,Bd3d4][%mdl 32]} Na5 11. Bc2 b4 {LiveBook: 30 Games. C90: Closed Ruy Lopez with 7...d6: Early deviations} (11... c5 12. Nbd2 Qb8 13. h3 Bd7 14. Nf1 b4 15. Ne3 b3 16. Bb1 Bd8 17. Nd2 Ra7 18. Ndc4 Be6 19. Ra3 Rb7 20. Qf3 {1-0 (60) Salgado Lopez,I (2630)-Kovalenko,I (2668) Saint Quentin 2016}) 12. d4 Nd7 13. h3 Bxf3 {Black is slightly better.} 14. Qxf3 Bf6 $146 ({Find the theoretical novelty and annotate with similar games:} 14... Bg5 15. Nd2 c5 16. Qg4 cxd4 17. cxd4 exd4 18. f4 Bf6 19. Nf3 {½-½ (45) Herve,P (2109)-Ainutdinova,Y (2036) Paris 2012}) 15. dxe5 (15. d5 $5 {[%cal Rc3b4]} c5 16. Nd2 $11) 15... Nxe5 16. Qe2 c5 17. cxb4 cxb4 18. Nd2 Qc7 (18... Rc8 $5 {[%cal Rc8c2]} 19. Nb3 Nac4 $11) 19. Bd3 Qc6 20. Nf1 Nb3 21. Rb1 Nxd3 22. Qxd3 Nc5 $36 {[%mdl 2048] Black has the initiative.} 23. Qf3 ({White should try} 23. Qc4 $1 $15) 23... Rfe8 24. Ng3 ({Better is} 24. Bf4 $15) 24... d5 $17 {[%cal Bd6d5,Bd5e4][%mdl 32]} 25. Be3 (25. Nh5 $17) 25... dxe4 $19 (25... Nxe4 26. Nf5 $17) 26. Qg4 {Threatens to win with Rec1.} Nd3 ({Resist} 26... Nxa4 27. Nh5) 27. Re2 Kh8 28. Rd2 b3 29. Qd1 (29. Bg5 $17 {might work better.}) 29... Qxa4 30. Nxe4 Nxb2 $2 ({Not} 30... Rxe4 31. Rxd3 Rb8 32. Ba7 $15) (30... Qxe4 $19 {and Black stays clearly on top.} 31. Rxd3 Rad8 32. Rxd8 Rxd8) 31. Rdxb2 $17 Qxe4 ({Of course not} 31... Bxb2 $6 32. Nd6 $11) 32. Rxb3 a5 33. Rb7 Red8 34. Qh5 Qg6 35. Qf3 {[#]} (35. Qe2 $17) 35... a4 $1 $19 {[%cal Ra4a3]} 36. Bc5 h6 {Strongly threatening ...a3!} 37. Re1 $2 {[#]} (37. R7b5 {was necessary.}) 37... a3 $1 {[%mdl 512]} 38. Bxa3 Rd3 39. Re3 Raxa3 $1 40. Rb8+ (40. Rxd3 $142 Rxd3 41. Qg4) 40... Kh7 41. Ree8 {[%csl Gb8][%cal Re8h8]} Ra1+ 42. Kh2 {[#]} Be5+ $1 {[%mdl 512] Precision: White = 23%, Black = 71%.} 0-1

[Event "Istanbul Open 2017"]
[Site "Istanbul"]
[Date "2017.09.15"]
[Round "6"]
[White "Markidis, Konstantinos"]
[Black "Zeydan, Salih"]
[Result "1-0"]
[WhiteElo "2350"]
[BlackElo "2057"]
[Annotator "TA"]
[PlyCount "151"]
[EventDate "2017.??.??"]
[EventType "swiss"]
[EventCountry "TUR"]
[SourceTitle "playchess.com"]
[Source "ChessBase"]
[SourceQuality "1"]

{[%evp 9,151,2,8,6,33,22,43,61,69,43,53,53,47,53,77,43,48,28,30,10,27,43,40,33,38,60,68,68,98,89,148,114,161,85,95,90,141,147,139,144,232,139,123,127,147,116,116,97,104,102,99,89,91,82,80,85,88,81,82,70,79,70,71,65,65,62,90,81,81,105,121,78,158,78,131,136,181,112,215,163,281,186,257,126,126,82,128,126,132,118,152,137,145,122,154,154,186,152,200,189,266,277,272,243,225,123,116,82,82,82,90,81,88,85,81,87,105,60,127,121,462,33,188,45,565,564,891,880,1512,1468,1324,916,1243,1029,29982,29982,29983,29984,29984,29985,29985,29986,29985,29986]} 1. e4 c5 2. Nf3 {[%cal Bg1f3,Bf3d4,Bd4c6][%mdl 32]} e6 3. g3 Nc6 4. d4 cxd4 5. Nxd4 d5 {LiveBook: 20 Games} 6. Nc3 {B44: Sicilian: Taimanov: 5 Nb5} (6. Bg2 dxe4 7. Nxc6 Qxd1+ 8. Kxd1 bxc6 9. Bxe4 Bb7 10. Nd2 Nf6 11. Bf3 O-O-O 12. Ke2 e5 13. c4 e4 {0-1 (40) Vitiugov,N (2721)-Van Wely,L (2653) Jurmala 2016}) 6... Bb4 (6... Bc5 {is interesting.} 7. Nb3 Bb4 8. exd5 exd5 9. Bg2 Nf6) 7. Bg2 {[%cal Re4d5]} dxe4 $146 ({Find the theoretical novelty and annotate with similar games:} 7... Nge7 8. O-O O-O 9. exd5 exd5 10. Nce2 Bg4 11. f3 Bd7 12. Be3 Ne5 {½-½ (74) Krajnak,M (2275)-Gladyszev,O (2420) Kosice 1997}) 8. Nxc6 {[%csl Gc6][%cal Rd1d8] White is slightly better.} Bxc3+ 9. bxc3 {[%csl Gc6][%cal Rd1d8]} Qxd1+ 10. Kxd1 bxc6 11. Bxe4 Bb7 12. Be3 Nf6 13. Bg2 Nd5 14. Bd2 c5 15. Kc1 O-O-O 16. Re1 Rd6 17. Bf1 Ba6 18. c4 $36 {[%mdl 2048] White is more active.} Nb6 19. Bf4 Rdd8 (19... Rd4 $142) 20. Rb1 Rhe8 21. Rb3 (21. Re5 $18 Nd7 22. Re3) 21... f6 $16 22. Be3 Nd7 (22... Bxc4 $142 23. Bxc4 Nxc4) 23. Ra3 Bb7 24. Rxa7 Kc7 (24... Kb8 $16 25. Ra5 Bc6) 25. Rd1 ({White should try} 25. Bg2 $1 $18 Rb8 26. Rd1) 25... Kb6 26. Ra3 Kc7 27. Rdd3 Ra8 28. Rdb3 {Threatens to win with Rxb7+!} Be4 29. Bd3 f5 30. Be2 g6 31. h4 {[%cal Bh2h4,Bh4h5][%mdl 32]} e5 32. h5 Rf8 33. f4 Kc6 34. h6 Rfe8 35. Kb2 exf4 36. Rxa8 Rxa8 37. Bxf4 Nb6 38. Rb5 Re8 39. Bf1 Bf3 40. Ra5 Re7 (40... Kb7 $142) 41. Bg5 (41. Kb3 $142) 41... Rb7 (41... Re1 $142 42. Bd3 Kb7) 42. Kc3 Nd7 43. Ra8 (43. a4 $18) 43... Ne5 (43... Rb8 $16 44. Rxb8 Nxb8) 44. Rc8+ Kb6 (44... Rc7 $142 45. Rxc7+ Kxc7) 45. Be3 Nd7 (45... Nc6 $142 46. Rg8 Be4) 46. Rh8 (46. Bd3 $18 {is more deadly.}) 46... Nf6 47. Kb2 Ng4 48. Bf4 Kc6+ 49. Kc1 Nf6 50. Rc8+ Kb6 51. Rf8 Ne4 52. Rg8 Nf6 53. Rg7 $1 Nh5 54. Be5 Ra7 (54... Kc6 $142 55. Rxb7 Kxb7) 55. Rxa7 $18 Kxa7 {[%mdl 4096] Endgame KBB-KBN} 56. Bd3 Kb6 57. Kb2 (57. Kd2 $18) 57... Kc6 $16 58. c3 Kd7 59. a4 {[%cal Ba2a4,Ba4a5][%mdl 32]} Ke6 60. Bb8 Nf6 61. a5 Bb7 62. Bc2 Ba6 63. Ba4 Nd7 (63... Bxc4 $14 64. Bc6 Ba6) 64. Bc7 $1 Ne5 $2 {[%mdl 8192]} (64... Bxc4 $16 {is tougher.} 65. Bc6 Bd5) 65. Be8 $2 (65. Bxe5 $1 $18 Kxe5 66. Bb5) 65... Nxc4+ $2 (65... Ke7 $1 $14 66. Ba4 (66. Bxe5 Kxe8 67. Kb3 Kd7 $14) 66... Nxc4+ 67. Kb3 g5) 66. Kb3 (66. Ka2 $18 {Bxg6! is the strong threat.} Ne3 67. Bxg6 $1 {[%mdl 512]}) 66... g5 $2 {[%mdl 8192] [#]} (66... Nd2+ $1 $14 67. Kc2 Ne4) 67. Bg6 $1 $18 {[%mdl 512]} Kf6 (67... hxg6 68. h7) 68. Bxh7 Nd2+ 69. Kc2 Nc4 70. Kc1 f4 71. gxf4 g4 72. Be4 {White mates.} g3 73. Bd8+ Kf7 74. h7 g2 75. Bxg2 Kg7 76. Be4 {Precision: White = 47%, Black = 32%.} 1-0

[Event "Istanbul Open 2017"]
[Site "Istanbul"]
[Date "2017.09.15"]
[Round "6"]
[White "Citak, Selim"]
[Black "Kitir, Ahmet"]
[Result "0-1"]
[WhiteElo "2318"]
[BlackElo "2057"]
[Annotator "TA"]
[PlyCount "58"]
[EventDate "2017.??.??"]
[EventType "swiss"]
[EventCountry "TUR"]
[SourceTitle "playchess.com"]
[Source "ChessBase"]
[SourceQuality "1"]

{[%evp 21,58,-22,0,-8,0,0,33,29,34,0,15,2,8,-40,-35,-46,-52,-30,-14,-45,-22,-86,-95,-81,-85,-133,-97,-116,-118,-326,-314,-841,-847,-1212,-1202,-1212,-1185,-1177,-1165]} 1. d4 d6 2. c4 e5 3. Nf3 e4 4. Ng5 f5 5. Nc3 Be7 6. Nh3 Nf6 7. e3 c6 8. Be2 O-O 9. Nf4 Na6 10. h4 Nc7 11. Qb3 {A21: English Opening: 1...e5 2 Nc3} Rb8 {LiveBook: 6 Games} 12. d5 $146 ({Predecessor:} 12. a4 Bd7 13. Bd2 Be8 14. Qc2 Bf7 15. b4 Ne6 16. Nh3 d5 17. g3 h6 18. c5 Bh5 19. Bxh5 Nxh5 20. Ne2 Qd7 21. Nhf4 Nhxf4 22. Nxf4 {½-½ (22) Aronian,L (2645)-Klinova,M (2436) Antalya 2004}) 12... Nd7 13. h5 {The position is equal.} Nc5 14. Qc2 a5 15. b3 Bf6 16. Bb2 Be5 17. O-O-O N7a6 18. Kb1 Nb4 $36 {[%mdl 2048] Black is more active.} 19. Qd2 Qf6 20. Rdg1 Ra8 21. g4 (21. Nd1 $11 {remains equal.}) 21... fxg4 $17 22. Bxg4 a4 {[%cal Ba5a4,Ba4b3,Bb3a2][%mdl 32]} 23. Bxc8 Rfxc8 24. h6 {[#] Black must now prevent Nxa4.} g6 25. Nh5 $2 (25. Nxa4 $17 {was necessary.} Nxa4 26. bxa4 Rxa4 27. a3) 25... Qe7 26. Nd1 $2 (26. Nxa4 Nxa4 27. bxa4) 26... axb3 $19 {Black is clearly winning.} 27. Qxb4 bxa2+ 28. Ka1 Ra4 29. Qb6 Ra3 {Precision: White = 47%, Black = 54%.} 0-1

[Event "Istanbul Open 2017"]
[Site "Istanbul"]
[Date "2017.09.15"]
[Round "6"]
[White "Darban, Morteza"]
[Black "Eren, Ataberk"]
[Result "1-0"]
[WhiteElo "2300"]
[BlackElo "2064"]
[Annotator "TA"]
[PlyCount "77"]
[EventDate "2017.??.??"]
[EventType "swiss"]
[EventCountry "TUR"]
[SourceTitle "playchess.com"]
[Source "ChessBase"]
[SourceQuality "1"]

{[%evp 21,77,30,31,34,60,22,136,125,235,221,215,195,244,185,189,176,169,137,137,129,148,156,159,126,134,134,127,133,224,104,118,122,173,118,127,115,125,124,158,150,163,152,452,398,664,652,795,779,730,725,908,856,1660,6319,2487,2443,29989,29989]} 1. Nf3 d5 2. c4 c6 3. e3 Nf6 4. Nc3 e6 5. b3 Nbd7 6. Bb2 Bd6 7. Be2 {A11: English Opening: 1...c6} (7. d4 b6 8. Bd3 Bb7 9. O-O O-O 10. Qc2 Qe7 11. Rad1 Rac8 12. Qb1 c5 13. cxd5 exd5 14. Bf5 Rcd8 15. Rfe1 Rfe8 16. Bh3 Ne4 17. dxc5 Ndxc5 18. Nb5 {1-0 (36) Karjakin,S (2785)-Lu,S (2627) Doha 2016}) 7... a6 8. d4 b5 9. O-O O-O 10. Qc2 Bb7 11. c5 Bc7 {LiveBook: 13 Games} 12. b4 e5 13. a4 Ng4 $146 {[#]} (13... e4 $11 {keeps the balance.}) ({Predecessor:} 13... Qe7 14. axb5 axb5 15. Rxa8 Rxa8 16. Nxb5 cxb5 17. c6 Bc8 18. cxd7 Qxd7 19. dxe5 {1-0 (34) Tica,S (2246)-Mravic,F (1795) Rijeka 2014}) 14. h3 $1 $16 {[%cal Ra4b5]} Nh6 (14... Ngf6 $16) 15. axb5 $18 axb5 16. Rxa8 Bxa8 17. dxe5 Nxe5 18. Nxe5 Bxe5 19. Bd3 f5 20. Ne2 Qf6 21. Bd4 Bb7 22. Qb2 Nf7 {[#]} 23. Ra1 $1 Re8 24. Ra7 Bc8 (24... Re7 $16 {keeps fighting.} 25. Qa2 Bc8) 25. f4 (25. Rc7 $18) 25... Bxd4 $16 26. Qxd4 Qe6 (26... Qd8 $16 27. Bc2 Re7) 27. Kf2 ({Better is} 27. Ng3 $18 Qg6 28. Kf2) 27... g6 28. Ng1 {[%cal Be2g1,Bg1f3,Bf3d4][%mdl 32]} Re7 29. Ra8 $36 {[%mdl 2048] White is really pushing.} Qd7 30. Nf3 Qb7 31. Qa1 Qc7 $2 (31... Qd7 $16 {was necessary.} 32. Be2 Qe6) 32. Nd4 Re8 $2 {[#]} (32... Nd8 33. Bxb5 cxb5 34. Nxb5 Qc6) 33. Bxf5 $1 $18 {[%mdl 512]} gxf5 {[#]} (33... Bxf5 34. Rxe8+) 34. Nxf5 $1 {[%csl Gf5][%cal Ra1g7][%mdl 512]} Ne5 (34... Bxf5 35. Rxe8#) 35. fxe5 {[%cal Bf4e5,Be5e6][%mdl 32] White threatens e6! and mate.} Rf8 36. g4 Qf7 {[#]} 37. Rxc8 $1 Rxc8 {[#]} 38. e6 $1 {[%mdl 512]} Qc7 (38... Qxe6 39. Qg7#) 39. Kg2 {Precision: White = 70%, Black = 21%.} 1-0

[Event "Istanbul Open 2017"]
[Site "Istanbul"]
[Date "2017.09.15"]
[Round "6"]
[White "Nuri, Murad"]
[Black "Shanava, Konstantine"]
[Result "0-1"]
[WhiteElo "2285"]
[BlackElo "2504"]
[Annotator "TA"]
[PlyCount "94"]
[EventDate "2017.??.??"]
[EventType "swiss"]
[EventCountry "TUR"]
[SourceTitle "playchess.com"]
[Source "ChessBase"]
[SourceQuality "1"]

{[%evp 15,94,52,68,27,29,26,25,0,11,-12,0,0,26,10,10,11,2,11,15,16,17,18,28,0,0,0,0,0,0,0,0,0,0,0,0,0,0,0,-17,-8,-10,-65,-54,-72,-41,-41,-44,-72,-76,-95,-97,-380,-396,-387,-388,-372,-385,-392,-396,-389,-395,-388,-386,-514,-477,-508,-529,-465,-344,-875,-796,-852,-869,-868,-859,-771,-642,-615,-571,-29973,-29974]} 1. e4 g6 2. d4 Bg7 3. Nc3 d6 4. Be3 c6 5. Qd2 b5 6. Bd3 Nd7 7. Nf3 a6 8. a4 {B06: Modern Defence} Bb7 {LiveBook: 39 Games} 9. axb5 (9. O-O b4 10. Ne2 c5 11. c3 cxd4 12. cxd4 Ngf6 13. Ng3 Qa5 14. Rfc1 O-O 15. Rc4 d5 16. Qxb4 Qxb4 17. Rxb4 dxe4 18. Rxb7 exd3 {1-0 (33) Mamedov,R (2628)-Shanava,K (2589) Tbilisi 2012}) 9... cxb5 10. d5 {White has an edge.} Ngf6 11. O-O $146 ({Find the theoretical novelty and annotate with similar games:} 11. Bh6 O-O 12. h4 e6 13. Bxg7 Kxg7 14. dxe6 fxe6 {0-1 (32) Montanes Arribas,A (2158)-Elissalt Cardenas,H (2358) Madrid 2010}) 11... O-O 12. h3 Rc8 13. Nd4 Ne5 14. b3 Qd7 15. f4 Nxd3 16. cxd3 e6 17. dxe6 fxe6 18. b4 Nh5 19. Nce2 e5 $1 {[%cal Re5d4]} 20. Qa2+ d5 21. fxe5 Bxe5 22. Bh6 Rfe8 {Hoping for ...Ng3.} 23. Rac1 Rxc1 24. Rxc1 Qf7 (24... Ng3 {feels hotter.} 25. Nf3 Nxe2+ 26. Qxe2 dxe4 27. Nxe5 Qd4+) 25. Nf3 dxe4 26. Qxf7+ Kxf7 27. Nxe5+ Rxe5 28. dxe4 (28. d4 $11 Re7 29. g4) 28... Rxe4 $15 29. Kf2 Re7 30. Nd4 Nf6 31. Nc6 Re8 {White must now prevent ...g5!} 32. Bf4 Nd5 33. Bd6 $2 {[%mdl 8192] [#]} (33. Bd2 $17) 33... Bxc6 $19 34. Rxc6 {[%mdl 4096] Endgame KRB-KRN} Re6 35. Rxa6 {intending Ra7+.} Kf6 36. Ra5 Rxd6 37. Rxb5 {KRN-KR} h5 38. Rb8 Kg5 39. g3 Ne7 40. Rb5+ Nf5 41. Rc5 Rd2+ 42. Ke1 $2 (42. Kf3) 42... Rh2 43. h4+ Kh6 44. Rc3 Rb2 45. b5 Rxb5 46. Kf2 Rb2+ 47. Kf3 {[#]} Rb3 $1 {[%mdl 512] Precision: White = 42%, Black = 87%.} 0-1